Founding the Open Universities : (Record no. 343867)

000 -LEADER
fixed length control field 00790 a2200229 4500
003 - CONTROL NUMBER IDENTIFIER
control field OSt
005 - DATE AND TIME OF LATEST TRANSACTION
control field 20180116182656.0
008 - FIXED-LENGTH DATA ELEMENTS--GENERAL INFORMATION
fixed length control field 170823b xxu||||| |||| 00| 0 eng d
020 ## - INTERNATIONAL STANDARD BOOK NUMBER
International Standard Book Number 8120719743
020 ## - INTERNATIONAL STANDARD BOOK NUMBER
International Standard Book Number 9788120719743
040 ## - CATALOGING SOURCE
Transcribing agency 0
082 ## - DEWEY DECIMAL CLASSIFICATION NUMBER
Classification number 371.35 RED 1997
100 ## - MAIN ENTRY--PERSONAL NAME
Personal name G. Ram Reddy
245 00 - TITLE STATEMENT
Title Founding the Open Universities :
Remainder of title Essays in Memory of G. ram reddy.
Statement of responsibility, etc. G. Ram Reddy
260 ## - PUBLICATION, DISTRIBUTION, ETC.
Place of publication, distribution, etc. India
Name of publisher, distributor, etc. Sterling Publishers,
Date of publication, distribution, etc. 1997.
300 ## - PHYSICAL DESCRIPTION
Extent 171p.
Other physical details HB
440 ## - SERIES STATEMENT/ADDED ENTRY--TITLE
Title Founding the Open Universities :
500 ## - GENERAL NOTE
General note Unknown Binding.
856 40 - ELECTRONIC LOCATION AND ACCESS
Materials specified Amazon.com
Uniform Resource Identifier <a href="http://www.amazon.com/exec/obidos/ASIN/8120719743/chopaconline-20">http://www.amazon.com/exec/obidos/ASIN/8120719743/chopaconline-20</a>
856 40 - ELECTRONIC LOCATION AND ACCESS
Materials specified Amazon customer reviews
Uniform Resource Identifier <a href="http://www.chopac.org/cgi-bin/tools/azrev.pl?q=8120719743">http://www.chopac.org/cgi-bin/tools/azrev.pl?q=8120719743</a>
942 ## - ADDED ENTRY ELEMENTS (KOHA)
Institution code [OBSOLETE] NBS
Koha item type Book
Call number prefix 371.35 RED 1997
Source of classification or shelving scheme
Holdings
Withdrawn status Lost status Source of classification or shelving scheme Damaged status Not for loan Collection code Permanent Location Current Location Shelving location Date acquired Total Checkouts Full call number Barcode Date last seen Date last checked out Price effective from Koha item type
            Central Library (CL) Central Library (CL) General Stacks 08/28/2013 1 371.35 RED 1997 NBS2241 11/23/2017 08/22/2017 08/28/2013 Book
© 2023 Central Library, National University of Sciences and Technology. All Rights Reserved.